Smrdáky

Bibliographic Details
Format: Photo
Language:Slovak
PhysicalDescription:1 pohľadnica (6 čiastkových pohľadov) čiernobiela 11 x 15 cm
Published: Bratislava [Epocha] [s.a.]
Subjects:

MARC

LEADER 00000nkm a2200000 a 4500
001 vtls010810462
003 SK-MaSNL
005 20260301215609.0
007 kf bo
008 231214n xo g 00 kuslo
015 |a SNBG 
035 |a 6A700C79-124B-468A-8FE7-093EFEE9641B 
035 |a urn:nbn:sk:snk-kmy0bj 
035 |a urn:nbn:sk:snk-km007wxw 
040 |a SNK  |b slo  |c SNK  |e AACR2 
041 0 |a slo 
043 |a e-xo--- 
044 |a xo  |c SK 
080 |a 913(437.6)  |2 2001 
080 |a (084.121)  |2 2001 
245 0 0 |a Smrdáky  |h grafika 
260 |a Bratislava  |b [Epocha]  |c [s.a.] 
300 |a 1 pohľadnica (6 čiastkových pohľadov)  |b čiernobiela  |c 11 x 15 cm 
651 7 |a Smrdáky (Slovensko)  |2 SNKPH  |9 82459 
655 7 |a miestne pohľadnice  |2 SNKPH  |9 70510 
852 |a Slovenská národná knižnica 
958 |a GC 
958 |a GBN 
958 |a OND 
999 |c 928861  |d 930791 
952 |a SNK  |b SNK  |y PREZ  |7 0  |p 17A1078706  |o snkSP 1055  |0 0  |1 0  |4 0  |d 2015-08-07  |f 1  |l 0  |r 2026-02-24 08:40:57  |w 2026-02-24